| 000 | 00937nam a2200253Ia 4500 | ||
|---|---|---|---|
| 003 | OSt | ||
| 005 | 20221005105331.0 | ||
| 006 | a|||||r|||| 00| 0 | ||
| 007 | ta | ||
| 008 | 221004b |||||||| |||| 00| 0 san d | ||
| 020 |
_a9789381313732 (hbk) _cINR 400.00 |
||
| 024 | _a65988 | ||
| 037 |
_b989/19, 19/12/2019, Literacy House _cTextual |
||
| 040 |
_aCRL _cCRL _bsan |
||
| 041 |
_2san _asan |
||
| 082 | _aQ22:227, 152Q4 | ||
| 100 | _aआर्या, रेखा, ले. | ||
| 245 | 0 | _aगरूड़ पुराण और सामंतवादी समाज | |
| 246 | _aGarūड़ purāṇ aur sāmantavādī samāja | ||
| 260 |
_aनई दिल्ली _bजानकी प्रकाशन भारत _c2014 |
||
| 300 |
_a149पृ0 _ccm. |
||
| 942 |
_hQ22:227, 152Q4 _cTEXL _2cc |
||
| 999 |
_c1015496 _d1015496 |
||